书目信息 |
| 题名: |
怎样记帐
|
|
| 作者: | ;辽宁财经学院《怎样记帐》编写组 | |
| 分册: | ||
| 出版信息: | 北京 中国财政经济出版社 1978.04 |
|
| 页数: | 170页 | |
| 开本: | 19cm | |
| 丛书名: | ||
| 单 册: | ||
| 中图分类: | F231.2 | |
| 科图分类: | ||
| 主题词: | 会计 | |
| 电子资源: | ||
| ISBN: | ||
| 000 | 00609nam0 2200205 45 | |
| 001 | 0204111001 | |
| 005 | 20031219104109.0 | |
| 010 | @dCNY0.45 | |
| 091 | @a4166.058 | |
| 100 | @a20020411d1978 km y0chiy0120 ea | |
| 101 | 0 | @achi |
| 105 | @a z 000yy | |
| 200 | 1 | @a怎样记帐@AZen Yang Ji Zhang@f辽宁财经学院《怎样记帐》编写组@FLiao Ning Cai Jing Xue Yuan《Zen Yang Ji Zhang》Bian Xie Zu |
| 210 | @a北京@c中国财政经济出版社@d1978.04 | |
| 215 | @a170页@d19cm | |
| 606 | 0 | @a会计 |
| 690 | @aF231.2@v3 | |
| 711 | 02 | @a辽宁财经学院《怎样记帐》编写组 |
| 801 | @aCN@bTSTC@c20020411 | |
| 905 | @f1@b5997@dF231.2@e1 | |
| 怎样记帐/辽宁财经学院《怎样记帐》编写组.-北京:中国财政经济出版社,1978.04 |
| 170页;19cm |
| ISBN :CNY0.45 |
| ● |
| 相关链接 |
|
|
|
|
正题名:怎样记帐
索取号:F231.2/1
 
预约/预借
| 序号 | 登录号 | 条形码 | 馆藏地/架位号 | 状态 | 备注 |
| 1 | 0005997 | 001791895 | 第一样本阅览室/ [索取号:F231.2/1] | 在馆 |